|
|
|
|
| LEADER |
02063nam a2200421 4500 |
| 001 |
ocn647626692 |
| 003 |
OCoLC |
| 005 |
20180501121929.0 |
| 006 |
m o d |
| 007 |
cr cn||||||||| |
| 008 |
081106s2006 ne a ob 001 0 eng d |
| 040 |
|
|
|a E7B
|b eng
|e pn
|c E7B
|d OCLCQ
|d UBY
|d OCLCQ
|d OPELS
|d N$T
|d OCLCQ
|d OCLCF
|d OCLCQ
|d GrThAP
|
| 019 |
|
|
|a 505085667
|
| 020 |
|
|
|a 0120335417
|q (electronic bk.)
|
| 020 |
|
|
|a 9780120335411
|q (electronic bk.)
|
| 020 |
|
|
|a 9780080465401
|q (electronic bk.)
|
| 020 |
|
|
|a 0080465404
|q (electronic bk.)
|
| 035 |
|
|
|a (OCoLC)647626692
|z (OCoLC)505085667
|
| 050 |
|
4 |
|a QD476
|b .A38 2006eb
|
| 072 |
|
7 |
|a SCI
|x 013040
|2 bisacsh
|
| 082 |
0 |
4 |
|a 547/.13
|2 23
|
| 049 |
|
|
|a TEFA
|
| 245 |
0 |
0 |
|a Advances in physical organic chemistry.
|n Vol. 41 /
|c editor, J.P. Richard.
|
| 260 |
|
|
|a Amsterdam :
|b Academic Press,
|c 2006.
|
| 300 |
|
|
|a 1 online resource (xi, 398 pages) :
|b illustrations.
|
| 336 |
|
|
|a text
|b txt
|2 rdacontent
|
| 337 |
|
|
|a computer
|b c
|2 rdamedia
|
| 338 |
|
|
|a online resource
|b cr
|2 rdacarrier
|
| 490 |
0 |
|
|a Advances in physical organic chemistry,
|x 0065-3160 ;
|v v. 41
|
| 504 |
|
|
|a Includes bibliographical references and indexes.
|
| 588 |
0 |
|
|a Print version record.
|
| 520 |
|
|
|a Advances in Physical Organic Chemistry provides the chemical community with authoritative and critical assessments of the many aspects of physical organic chemistry. The field is a rapidly developing one, with results and methodologies finding application from biology to solid state physics. * Reviews the application of quantitative and mathematical methods towards understanding chemical problems * Multidisciplinary volumes cover organic, organometallic, bioorganic, enzymes and materials topics.
|
| 650 |
|
0 |
|a Physical organic chemistry.
|
| 650 |
|
7 |
|a SCIENCE
|x Chemistry
|x Organic.
|2 bisacsh
|
| 650 |
|
7 |
|a Physical organic chemistry.
|2 fast
|0 (OCoLC)fst01715687
|
| 655 |
|
4 |
|a Electronic books.
|
| 700 |
1 |
|
|a Richard, J. P.
|q (John P.)
|
| 856 |
4 |
0 |
|u https://www.sciencedirect.com/science/bookseries/00653160/41
|z Full Text via HEAL-Link
|